=LDR 00000nam 2200000 4500 =001 INLIS000000000037062 =005 20221108103600 =035 ##$$a 0010-061300000037062 =008 221108################g##########0#ind## =041 ##$$a Ind =082 ##$$a 028.5 =090 ##$$a 028.5, Sur r =100 ##$$a Surya, Hendra =245 1#$$a Rahasia sang maestro cilik /$c Hendra Surya =260 ##$$a Jakarta :$b Elex media koputindo,$c 2009 =300 ##$$a 138 hlm ; $c 21 cm =650 #4$$a Bacaan kanak-kanak =850 ##$$a NBPNMAT =020 ##$$a 978-979-27-5768-2 =084 ##$$a 028.5 SUR r =990 ##$$a 21102934